| Tag |
First Indicator |
Second Indicator |
Subfields |
| LEADER |
00000cam a2200000 4500 |
| 001 |
in00000094281 |
| 005 |
20150927110423.0 |
| 008 |
800405s1949 ohua b 00000 eng d |
| 035 |
|
|
|a (OCoLC)06170121
|
| 035 |
|
|
|9 AAL6141AM
|
| 040 |
|
|
|a TXA
|c TXA
|d UtOrBLW
|
| 049 |
|
|
|a TXAM
|c [711427]
|
| 090 |
|
|
|a TN751
|b .P79
|
| 110 |
2 |
|
|a Republic Steel Corporation.
|
| 245 |
1 |
0 |
|a Heat treating :
|b republic alloy steels.
|
| 264 |
|
1 |
|a [Cleveland],
|b [publisher not identified] ;
|c [1949]
|
| 264 |
|
4 |
|c [©1949]
|
| 300 |
|
|
|a 55 pages :
|b illustrations
|
| 336 |
|
|
|a text
|b txt
|2 rdacontent
|
| 337 |
|
|
|a unmediated
|b n
|2 rdamedia
|
| 338 |
|
|
|a volume
|b nc
|2 rdacarrier
|
| 500 |
|
|
|a Cover title.
|
| 504 |
|
|
|a Bibliography: page 48.
|
| 650 |
|
0 |
|a Steel
|x Heat treatment.
|
| 999 |
|
|
|a MARS
|
| 999 |
f |
f |
|s 4d998952-9837-3421-a19d-5b753fb741c6
|i 1b9b9e21-9b96-3c44-b777-ee645ceba558
|t 0
|
| 952 |
f |
f |
|p ric
|a Texas A&M University
|b Rellis Campus
|c Joint Library Facility
|d Remote Storage
|t 0
|e TN751 .P79
|h Library of Congress classification
|i unmediated -- volume
|m A14805582656
|
| 998 |
f |
f |
|a TN751 .P79
|t 0
|l Remote Storage
|